000 00346nam a2200133Ia 4500
005 20251222144633.0
008 251222s9999||||xx |||||||||||||| ||spa||
020 _a978-9942-679-9
082 _a378.83/P13
100 _aPacheco Prado, Lucas
245 0 _aLa Universidad: Desafíos en la Gestión Académica
264 _bAbya-Yala
942 _cLIB
999 _c16372
_d16372